<Der> Beitrag des Mineralöls zur globalen Energieversorgung seit 1950 Rückblick und Ausblick
Guardado en:
| Autor principal: | |
|---|---|
| Formato: | Libro |
| Lenguaje: | alemán |
| Publicado: |
Kiel
Institut für Weltwirtschaft
1994
|
| Edición: | 1. Aufl. |
| Colección: | Kieler Arbeitspapier
Nr.611 |
| Materias: | |
| Etiquetas: |
Sin Etiquetas, Sea el primero en etiquetar este registro!
|
MARC
| LEADER | 00000nam a2200000 4500 | ||
|---|---|---|---|
| 001 | c005199 | ||
| 005 | 20221214074127.6 | ||
| 041 | 0 | |a ger | |
| 044 | |a DE | ||
| 245 | 1 | 0 | |a <Der> Beitrag des Mineralöls zur globalen Energieversorgung seit 1950 |b Rückblick und Ausblick |c Axel D. Neu |
| 250 | |a 1. Aufl. | ||
| 264 | 1 | |a Kiel |b Institut für Weltwirtschaft |c 1994 | |
| 300 | |a 44 s. | ||
| 490 | 1 | |a Kieler Arbeitspapier |v Nr.611 | |
| 830 | 0 | |a Kieler Arbeitspapier |v Nr.611 | |
| 610 | 2 | 0 | |a energia |
| 610 | 2 | 0 | |a spotreba energie |
| 610 | 2 | 0 | |a palivá |
| 610 | 2 | 0 | |a ropa |
| 610 | 2 | 0 | |a elektrina |
| 610 | 2 | 0 | |a ťažba surovín |
| 610 | 2 | 0 | |a zásoby |
| 610 | 2 | 0 | |a rezervy |
| 610 | 2 | 0 | |a ceny |
| 610 | 2 | 0 | |a trh medzinárodný |
| 610 | 2 | 0 | |a produkcia |
| 610 | 2 | 0 | |a vývoz |
| 610 | 2 | 0 | |a dovoz |
| 610 | 2 | 0 | |a OPEC |
| 610 | 2 | 0 | |a USA |
| 610 | 2 | 0 | |a Nemecko |
| 610 | 2 | 0 | |a Rusko |
| 610 | 2 | 0 | |a 1900-1992 |
| 610 | 2 | 0 | |a 1950-1990 |
| 610 | 2 | 0 | |a údaje štatistické |
| 100 | 1 | |a Neu, Axel D. | |